La lingüística cartesiana

Shranjeno v:
Bibliografske podrobnosti
Glavni avtor: Chomsky, Noam
Format: Knjiga
Jezik:Undetermined
Izdano: Barcelona, España Seix Barral 1970
Teme:
Oznake: Označite
Brez oznak, prvi označite!

MARC

LEADER 00000nam a2200000Ia 4500
008 170316s9999 xx 000 0 und d
090 |a 410 Ch-7Li 
100 |a Chomsky, Noam 
245 |a La lingüística cartesiana 
260 |a Barcelona, España 
260 |b Seix Barral 
260 |c 1970 
300 |a 132 páginas 
650 |a LINGÜÍSTICA 
999 |c 18329  |d 18329 
040 |a cru BVZT 
942 |c 15 D  |h 410 Ch-7Li  |2 z